Ruins

Bibliographic Details
Main Author: Aldiss, Brian
Format: Book
Published: London : Hutchinson , 1987
Subjects:

MARC

LEADER 00000cam a2200000 7i4500
001 0000000483
002 000000566
005 20000330.0
020 |a 0091678609 
090 0 0 |a JF   |b ALD 
100 1 |a Aldiss, Brian 
245 1 0 |a Ruins   |c Brian Aldiss 
260 |a London :   |b Hutchinson ,   |c 1987 
300 |a 85p ;   |c 24cm. 
650 0 0 |a Children's stories 
999 |a 029780   |b BUKU   |c PINJAMAN   |e PERPUSTAKAAN KOMUNITI PETALING JAYA 
999 |a 029781   |b BUKU   |c PINJAMAN   |e PERPUSTAKAAN KOMUNITI PETALING JAYA